| 000 | 00683nam a22002297a 4500 | ||
|---|---|---|---|
| 005 | 20150219151909.0 | ||
| 008 | 140714b xxu||||| |||| 00| 0 Urdu d | ||
| 010 | _aUR-8639 | ||
| 020 | q | _c200..00 | |
| 020 | _c9789350733653 | ||
| 035 | _aU-7194 | ||
| 037 | _bDBAD/Pub. | ||
| 040 |
_aDPL _bUrdu |
||
| 082 | _a841 | ||
| 100 | _aظفر حبيب | ||
| 245 |
_aنو ر نکہت نو ا _cظفر حبيب |
||
| 246 |
_aNoor Nikhat Nawa _bBy Zafar Habib |
||
| 260 |
_aد ھلی _bEducational Publishing House _c2014 |
||
| 270 |
_a3108,Vakeel Street,Kucha Pandit,Lal Kuan _b.Delhi _e110006 |
||
| 300 |
_a208ص _c22Cm (Hb) |
||
| 942 |
_2ddc _cUR _e _h841 _mظ ف ر |
||
| 999 |
_c91601 _d91601 |
||